| 000 | 01761nam a22002777a 4500 | ||
|---|---|---|---|
| 003 | OSt | ||
| 005 | 20250416083127.0 | ||
| 008 | 200207s2013 ag |||er|||| 00| fdspa d | ||
| 020 | _a9789876701624 | ||
| 040 |
_aCO-JMCR _cCO-JMCR |
||
| 041 | 1 |
_aspa _hfre |
|
| 082 |
_aA-N _bMARr |
||
| 100 | 1 |
_aMartinez, Carole, _eautora _9243 |
|
| 245 | 1 | 3 |
_aEl reino de los murmullos / _cCarole Martinez ; traducción de Javier Albiñana |
| 250 | _a1a. edición | ||
| 260 |
_aBueno Aires : _bTusquets Editores, _c2013 |
||
| 300 |
_a229 páginas ; _c21 cm. |
||
| 490 | 0 |
_aColección andanzas ; _v804 |
|
| 500 | _aIncluye datos biográficos de la autora en la solapa | ||
| 500 | _aTítulo original: Du domaine des murmures | ||
| 520 | _aEn la convulsa época de los señores feudales, la joven Esclarmonde se niega a pronunciar, ante los escandalizados asistentes a su boda, el "sí" al apuesto Lothaire: quiere que se respeten sus deseos de ofrecerse a Dios, contra la voluntad de su padre, el señor que reina en Los Murmullos. La joven pide que la encierren en una celda adjunta a la capilla del castillo, sin otra abertura que un ventano con barrotes. Pero, lejos de alcanzar la soledad a la que aspira, Esclarmonde no sólo participa de todo cuanto la rodea, sino que está al corriente de los que ocurre más allá del feudo. Logra así imponerse a su padre, un hombre con pecado inconfesable a quien Esclarmonde insta a que acuda a la cruzada que Federico I Barbarroja ha emprendido para liberar Tierra Santa. Y vivirá casi en carne propia, gracias a un extraño prodigio, las vicisitudes de esa trepidante epopeya. | ||
| 546 | _aTraducido del francés | ||
| 650 | 1 | 4 |
_aNovela francesa _928 |
| 700 | 1 |
_aAlbiñana, Javier, _etraductor _9244 |
|
| 942 |
_2ddc _cBK |
||
| 999 |
_c6445 _d6445 |
||